Wacana peradaban Malaysia/ (Record no. 1764)

MARC details
000 -LEADER
fixed length control field 00609nam a22002177a 4500
003 - CONTROL NUMBER IDENTIFIER
control field RIC
005 - DATE AND TIME OF LATEST TRANSACTION
control field 20140408044516.0
008 - FIXED-LENGTH DATA ELEMENTS--GENERAL INFORMATION
fixed length control field 140408b xxu||||| |||| 00| 0 eng d
020 ## - INTERNATIONAL STANDARD BOOK NUMBER
International Standard Book Number 9789834606121
040 ## - CATALOGING SOURCE
Transcribing agency JKKN
082 ## - DEWEY DECIMAL CLASSIFICATION NUMBER
Classification number 959.5
100 ## - MAIN ENTRY--PERSONAL NAME
Personal name A. Aziz Deraman
9 (RLIN) 815
245 1# - TITLE STATEMENT
Title Wacana peradaban Malaysia/
Statement of responsibility, etc A.Aziz Deraman
260 ## - PUBLICATION, DISTRIBUTION, ETC. (IMPRINT)
Place of publication, distribution, etc Kuala Lumpur:
Name of publisher, distributor, etc Dewan Bahasa dan Pustaka,
Date of publication, distribution, etc 2010.
300 ## - PHYSICAL DESCRIPTION
Extent xvii, 510p.;
Dimensions 21cm.
650 ## - SUBJECT ADDED ENTRY--TOPICAL TERM
Topical term or geographic name as entry element Civilization
General subdivision History
650 ## - SUBJECT ADDED ENTRY--TOPICAL TERM
Topical term or geographic name as entry element Islamic civilization
Geographic subdivision Malaysia
650 ## - SUBJECT ADDED ENTRY--TOPICAL TERM
Topical term or geographic name as entry element Culture
Geographic subdivision Malaysia
651 ## - SUBJECT ADDED ENTRY--GEOGRAPHIC NAME
Geographic name Malaysia
General subdivision Civilization
942 ## - ADDED ENTRY ELEMENTS (KOHA)
Source of classification or shelving scheme Dewey Decimal Classification
Koha item type Buku
Holdings
Withdrawn status Lost status Source of classification or shelving scheme Damaged status Not for loan Home library Current library Shelving location Date acquired Total Checkouts Full call number Barcode Date last seen Price effective from Koha item type Date checked out
    Dewey Decimal Classification     JKKN Main Library JKKN Main Library On Display 08/04/2014   959.5 AAD HQ004173 08/04/2014 08/04/2014 Buku  
    Library of Congress Classification     JKKN Main Library JKKN Main Library   11/08/2016   959.5 AAD HQ004773 11/08/2016 11/08/2016 Buku  
    Library of Congress Classification     JKKN Main Library JKKN Main Library   11/08/2016 2 959.5 AAD HQ004774 27/11/2018 11/08/2016 Buku 15/10/2018
    Library of Congress Classification     JKKN Main Library JKKN Main Library   11/08/2016   959.5 AAD HQ004775 11/08/2016 11/08/2016 Buku  
    Library of Congress Classification     JKKN Main Library JKKN Main Library   11/08/2016   959.5 AAD HQ004776 11/08/2016 11/08/2016 Buku  
    Library of Congress Classification     JKKN Main Library JKKN Main Library   11/08/2016   959.5 AAD HQ004777 11/08/2016 11/08/2016 Buku  

Supported by RICOM